| 000 | 00475nam a2200181Ia 4500 | ||
|---|---|---|---|
| 003 | GCL | ||
| 008 | 140319s9999 xx 000 0 eng d | ||
| 040 |
_aGCL / _cGCL |
||
| 082 | 0 | 4 |
_a657.42 _bD C |
| 100 | 1 | _aDRURY, COLIN | |
| 245 | 1 | 0 |
_aCOSTING: AN INTRODUCTION, STUDENTS MANUAL, 3RD ED. / _cDRURY, COLIN |
| 260 |
_a[S.N] : _bCHAPMAN & HALL ، _c1994 |
||
| 300 | _a181 P | ||
| 650 | 0 | 4 | _aFINANCE |
| 650 | 0 | 4 | _aACCOUNTING |
| 650 | 0 | 4 | _aDECISION - MAKING |
| 942 |
_2ddc _cBK |
||
| 999 |
_c21447 _d21447 |
||